Quizzes
Events
Quiz Creation
Community
Videos
Private Events
Remove Ads
Sign In
Join for FREE
Feedback
Dark Mode
Quiz Categories
Sports
Geography
Music
Movies
Television
Just For Fun
Miscellaneous
History
Literature
Language
Science
Gaming
Entertainment
Religion
Holiday
For Kids
Quiz Lab
Recent
Popular Today
Quiz Kudos Today
Editor Picks
Curator Picks
Quizzes by...
Day
Popularity
Type
Ratings
Length
Year
Community
Subscriptions
Recent Discussions
Orange Saloon
Badges
Playlists
Quests
Create
Leaderboards
Showdown
Live 5
Trivia Bingo
Activity
Puzzle Library
Sporcle Events
Private Events
Virtual Trivia
Globe League
Become a Host
Pub Owners
SporcleCon
Opinionation
Our Games
Videos
Blog
Mobile Apps
Partnerships
Remove Ads and Go Orange
Feedback
Gaming
Video Games
Board Games
Card Games
Pokémon
Mario
Nintendo
Minecraft
Console
Toys
Legend of Zelda
Gaming
Video Games
Board Games
Card Games
Pokémon
Mario
Nintendo
Minecraft
Console
Toys
Legend of Zelda
Random Quiz
Search Sporcle
×
Quiz Lab
Quiz Lab
Gaming
Anime
Type in answers that appear in a list
Type in answers that appear in a list
Classic
Best Score? Go Orange.
All Poké Ball Types Stats
Can you name the poké ball types?
By
chilli
10m
39 Questions
259 Plays
259 Plays
259 Plays
Comments
Comments
Give Quiz Kudos
Give Quiz Kudos
-
- Ratings
hide this ad
Replay
Link that replays current quiz
Next Quiz
Link to next quiz in quiz playlist
You Got
0%
They Got
Avg Score
45%
Avg Friend Score
Upgrade to see
Score Distribution
Jump to the score distribution portion of the page
Score
0/39
Timer
10:00
0
Plays Today
Introduced in
Ball
% Correct
Gen I
Poké Ball
100%
Gen I
Master Ball
97.7%
Gen I
Ultra Ball
95.3%
Gen I
Great Ball
93%
Gen III
Net Ball
78.7%
Gen I
Safari Ball
70.5%
Gen II
Love Ball
67.1%
Gen IV
Dusk Ball
67.1%
Gen II
Heavy Ball
65.5%
Gen IV
Quick Ball
65.5%
Gen III
Dive Ball
63.6%
Gen III
Timer Ball
62%
Gen III
Premier Ball
59.7%
Gen III
Nest Ball
54.3%
Gen III
Luxury Ball
54.3%
Gen IV
Heal Ball
51.6%
Anime
GS Ball
50.4%
Gen II
Fast Ball
49.6%
Gen II
Friend Ball
48.1%
Gen II
Lure Ball
47.3%
Introduced in
Ball
% Correct
Gen III
Repeat Ball
45%
Gen II
Moon Ball
43.4%
Gen II
Level Ball
38%
Gen IV
Park Ball
37.2%
Anime
Dark Ball
36%
Gen IV
Cherish Ball
34.9%
Colosseum
Sang Ball
29.1%
Gen V
Dream Ball
26.4%
Pokémon Snap
Pester Ball
25.6%
Gen II
Sport Ball
20.5%
TCG
Team Aqua Ball
14%
TCG
Team Magma Ball
13.6%
TCG
Rocket's Poke Ball
12.8%
Anime
Mewtwo Ball
11.6%
Battle & Get! Pokémon Typing DS
Typing Ball
10.1%
Anime
Crystal Ball
10.1%
Anime
Lake Ball
6.6%
Anime
Stone Ball
5.4%
TCG
Dual Ball
5%
Quiz Playlist
Details
Report
Send in Message
Add To Playlist
Classic:
Type in answers that appear in a list
Last Updated: Feb 16, 2017
Quiz Scoreboard
CHALLENGE
Sign Up to Join the Scoreboard
Show All
Scores
Hide
Comments
May contain spoilers
Recently Published
TV Characters by Other Roles V
by ghcgh
Television
5m
Decade Duel: World Leaders
by jenniferyan
History
4m
Alphabetical 'K' Countries by Flag Minefield
by ylime102
Geography
3m
More to Explore
Quiz From the Vault
Featured Blog Post
15 Basketball Trivia Facts You Can Be March Mad About
hide this ad
You Might Also Like...
Tags
Anime Quiz
Pokémon Quiz
ball
colosseum
Gen 1
Gen 2
Gen 3
Gen 4
tcg
Today's Top Quizzes in Gaming
Browse Gaming
hide this ad
Today's Top Quizzes in Anime
Browse Anime
Top Contributed Quizzes in Gaming
1
Pokémon Gen IV Logic Puzzle (HARD)
2
HARD Pokemon Logic Puzzle
3
Genshin Impact Logic Puzzle
4
Honkai: Star Rail Technique Names Quiz
5
Rainbow Six Siege Operators by Picture
6
Order Genshin Impact characters by release date!
7
The Slinky Quiz
8
Magic: the Gathering Set Symbols - LCI
9
Mega Man or Metal Gear
10
Honkai Star Rail Feet v1.6
Explore More
Trending Topics
Anime
NBA
Kpop
Crossword
Harry Potter
Marvel
Disney
WWE
Pokémon
Soccer
Song
Country
Puzzle
The Office
NFL
hide this ad
More By:
chilli
Quiz
Plays
Rating
Category
Featured
Created
Name the Naruto characters
402
4.00
Miscellaneous
Mar 3, 2013
All Poké Ball Types
259
5.00
Gaming
Aug 12, 2011
Months In Finnish (clickable)
63
3.50
Language
Apr 9, 2013
Go to Creator's Profile
Score Distribution
Quiz Creator Spotlight
chilli
Follow
Send a Message
Quizzes Created
-
Created Quiz Play Count
-
More By This Creator
Popular Quizzes Today
1
Countries of Asia Without Outlines Minefield
2
Find the US States - No Outlines Minefield
3
Pick 6: Fruits
4
The Countries of the World
5
Alphabetical 'K' Countries by Flag Minefield
6
Find the Countries of Europe - No Outlines Minefield
7
US States
8
Find the US States
More Gaming Quizzes
Mario Kart Courses: Real or Fake?
Published
Trending Quizzes
Pick 6: Mountains
Pick 6: Harry Potter
Pick 6: Flags
Pick 6: NFL Teams
Pick 6: Movie Franchises
Recently Updated
Adaptations: Name the Title
pecheneg
NWSL Teams
pecheneg
Women's Final Four Teams by Year
bhenderson79
Presidents Quartet II
eogle
Anything But Clue(do)
eogle
Anything But Oceanian Capitals
eogle
Anything But 7
eogle
Anything But Thing
eogle
Word Ladder: February 29
pecheneg
Song Title Questions
pecheneg
Trending Topics
Crossword
Marvel
NBA
Kpop
Harry Potter
Anime
Disney
Pokémon
The Office
NFL
Puzzle
Soccer
WWE
Country
Song
Your Account Isn't Verified!
In order to create a playlist on Sporcle, you need to verify the email address you used during registration. Go to your
Sporcle Settings
to finish the process.
Report this User
Report this user for behavior that violates our
Community Guidelines
.
Details:
Send Report
Go to the Sporcle.com Mobile Site →
Comments